Trains / (Record no. 1351)

MARC details
000 -LEADER
fixed length control field 01363cam a22003014a 4500
005 - DATE AND TIME OF LATEST TRANSACTION
control field 20230821084247.0
020 ## - INTERNATIONAL STANDARD BOOK NUMBER
International Standard Book Number 9781426307775 (pbk. : alk. paper)
020 ## - INTERNATIONAL STANDARD BOOK NUMBER
International Standard Book Number 9781426307782 (library binding : alk. paper)
040 ## - CATALOGING SOURCE
Original cataloging agency DLC
Transcribing agency DLC
Modifying agency DLC
-- FISKH
Language of cataloging eng
050 00 - LIBRARY OF CONGRESS CALL NUMBER
Classification number TF23
Item number .S54 2011
082 00 - DEWEY DECIMAL CLASSIFICATION NUMBER
Classification number 625.1
Edition number 22
100 1# - MAIN ENTRY--PERSONAL NAME
Personal name Shields, Amy.
245 10 - TITLE STATEMENT
Title Trains /
Statement of responsibility, etc. by Amy Shields.
260 ## - PUBLICATION, DISTRIBUTION, ETC.
Place of publication, distribution, etc. Washington, D.C. :
Name of publisher, distributor, etc. National Geographic,
Date of publication, distribution, etc. 2011
300 ## - PHYSICAL DESCRIPTION
Extent 32 pages :
Other physical details color illustrations ;
Dimensions 24 cm
490 0# - SERIES STATEMENT
Series statement National geographic readers
505 0# - FORMATTED CONTENTS NOTE
Formatted contents note H
505 0# - FORMATTED CONTENTS NOTE
Formatted contents note Trains -- All aboard! -- Full steam ahead -- Meet Owney -- Riding the rails -- Passenger trains -- Freight trains.
520 ## - SUMMARY, ETC.
Summary, etc. Choo Choo! Kids love trains! Especially the old-timey steam engines found in amusement parks and zoos. But what about a super-speeder in Japan that zooms on the track at 361 miles per hour? Or the world's longest freight train, stretching on for a whopping 4.6 miles? Or futuristic railways in the sky?
521 ## - TARGET AUDIENCE NOTE
Target audience note 520 <br/>
Source Lexile
521 ## - TARGET AUDIENCE NOTE
Target audience note H <br/>
Source Raz-Plus
650 #0 - SUBJECT ADDED ENTRY--TOPICAL TERM
Topical term or geographic name entry element Railroads
Geographic subdivision United States
General subdivision History
Form subdivision Juvenile literature.
650 #0 - SUBJECT ADDED ENTRY--TOPICAL TERM
Topical term or geographic name entry element Railroad travel
Geographic subdivision United States
General subdivision History
Form subdivision Juvenile literature.
906 ## - LOCAL DATA ELEMENT F, LDF (RLIN)
a 7
b cbc
c orignew
d 1
e ecip
f 20
g y-gencatlg
942 ## - ADDED ENTRY ELEMENTS (KOHA)
Source of classification or shelving scheme Dewey Decimal Classification
Koha item type Books
Suppress in OPAC No
999 ## -
-- 1351
-- 1351
Holdings
Withdrawn status Lost status Source of classification or shelving scheme Damaged status Not for loan Collection Home library Current library Shelving location Date acquired Total Checkouts Full call number Barcode Date last seen Date last checked out Copy number Price effective from Koha item type
    Dewey Decimal Classification     Non-Fiction Footprints International School Library Network Toul Kork Campus Footprints International School Library Network Toul Kork Campus TK Primary Library Room(4th Floor), Bookcase 3&4, Shelves 17-32, Yellow Books 08/21/2023 1 SHI 625.1 TF23.S54 FISBK02600 10/05/2023 09/28/2023 1 08/21/2023 Books
    Dewey Decimal Classification     Non-Fiction Footprints International School Library Network Toul Kork Campus Footprints International School Library Network Toul Kork Campus TK Primary Library Room(4th Floor), Bookcase 3&4, Shelves 17-32, Yellow Books 08/21/2023 2 SHI 625.1 TF23.S54 FISBK02599 12/03/2024 08/23/2024 2 08/21/2023 Books